<?xml version="1.0" encoding="UTF-8"?>
<record
    xmlns:xsi="http://www.w3.org/2001/XMLSchema-instance"
    xsi:schemaLocation="http://www.loc.gov/MARC21/slim http://www.loc.gov/standards/marcxml/schema/MARC21slim.xsd"
    xmlns="http://www.loc.gov/MARC21/slim">

  <leader>02454nam a2200373   4500</leader>
  <controlfield tag="001">75</controlfield>
  <controlfield tag="003">OSt</controlfield>
  <controlfield tag="005">20250528074011.0</controlfield>
  <controlfield tag="008">250123b        |||||||g |||| 00| 1 eng d</controlfield>
  <datafield tag="020" ind1=" " ind2=" ">
    <subfield code="a">8575421131</subfield>
  </datafield>
  <datafield tag="040" ind1=" " ind2=" ">
    <subfield code="b">por</subfield>
  </datafield>
  <datafield tag="041" ind1=" " ind2=" ">
    <subfield code="h">eng</subfield>
    <subfield code="a">por</subfield>
  </datafield>
  <datafield tag="082" ind1=" " ind2=" ">
    <subfield code="a">813</subfield>
    <subfield code="b">B877c</subfield>
  </datafield>
  <datafield tag="100" ind1="1" ind2=" ">
    <subfield code="a">Brown, Dan,</subfield>
    <subfield code="d">1964-</subfield>
    <subfield code="9">179</subfield>
  </datafield>
  <datafield tag="240" ind1=" " ind2=" ">
    <subfield code="a">The Da Vinci code</subfield>
  </datafield>
  <datafield tag="245" ind1=" " ind2=" ">
    <subfield code="a">O c&#xF3;digo Da Vinci /</subfield>
    <subfield code="c">Brown, Dan ; Tradu&#xE7;&#xE3;o de Celina Cavalcante Falck-Cook</subfield>
  </datafield>
  <datafield tag="260" ind1=" " ind2=" ">
    <subfield code="a">Rio de Janeiro</subfield>
    <subfield code="b">Sextante</subfield>
    <subfield code="c">2004</subfield>
  </datafield>
  <datafield tag="300" ind1=" " ind2=" ">
    <subfield code="a">479 p.</subfield>
  </datafield>
  <datafield tag="490" ind1="1" ind2=" ">
    <subfield code="a">Saga Robert Langdon</subfield>
    <subfield code="v">Livro 02</subfield>
  </datafield>
  <datafield tag="500" ind1=" " ind2=" ">
    <subfield code="a">O c&#xF3;digo Da Vinci

Sequ&#xEA;ncia de: Anjos e Demonios</subfield>
  </datafield>
  <datafield tag="520" ind1=" " ind2=" ">
    <subfield code="a">Um assassinato dentro do Museu do Louvre, em Paris, traz &#xE0; tona uma sinistra conspira&#xE7;&#xE3;o para revelar um segredo que foi protegido por uma sociedade secreta desde os tempos de Jesus Cristo. A v&#xED;tima &#xE9; o respeitado curador do museu, Jacques Sauni&#xE8;re, um dos l&#xED;deres dessa antiga fraternidade, o Priorado de Si&#xE3;o, que j&#xE1; teve como membros Leonardo da Vinci, Victor Hugo e Isaac Newton. Momentos antes de morrer, Sauni&#xE8;re consegue deixar uma mensagem cifrada na cena do crime que apenas sua neta, a cript&#xF3;grafa francesa Sophie Neveu, e Robert Langdon, um famoso simbologista de Harvard, podem desvendar. Os dois transformam-se em suspeitos e em detetives enquanto percorrem as ruas de Paris e de Londres tentando decifrar um intricado quebra-cabe&#xE7;as que pode lhes revelar um segredo milenar que envolve a Igreja Cat&#xF3;lica.
Apenas alguns passos &#xE0; frente das autoridades e do perigoso assassino, Sophie e Robert v&#xE3;o &#xE0; procura de pistas ocultas nas obras de Da Vinci e se debru&#xE7;am sobre alguns dos maiores mist&#xE9;rios da cultura ocidental - da natureza do sorriso da Mona Lisa ao significado do Santo Graal. Mesclando com perfei&#xE7;&#xE3;o os ingredientes de uma envolvente hist&#xF3;ria de suspense com informa&#xE7;&#xF5;es sobre obras de arte, documentos e rituais secretos, Dan Brown consagrou-se como um dos autores mais brilhantes da atualidade. "O C&#xF3;digo da Vinci" prende o leitor da primeira &#xE0; &#xFA;ltima p&#xE1;gina.</subfield>
  </datafield>
  <datafield tag="650" ind1=" " ind2="0">
    <subfield code="a">Literatura Americana</subfield>
    <subfield code="9">84</subfield>
  </datafield>
  <datafield tag="650" ind1=" " ind2="0">
    <subfield code="a">Suspense</subfield>
    <subfield code="9">10</subfield>
  </datafield>
  <datafield tag="650" ind1=" " ind2="0">
    <subfield code="a">Mist&#xE9;rio</subfield>
    <subfield code="9">42</subfield>
  </datafield>
  <datafield tag="650" ind1=" " ind2="0">
    <subfield code="a">Aventura</subfield>
    <subfield code="9">47</subfield>
  </datafield>
  <datafield tag="650" ind1=" " ind2="0">
    <subfield code="a">Hist&#xF3;rico</subfield>
    <subfield code="9">53</subfield>
  </datafield>
  <datafield tag="650" ind1=" " ind2="0">
    <subfield code="a">Religi&#xE3;o</subfield>
    <subfield code="9">100</subfield>
  </datafield>
  <datafield tag="650" ind1=" " ind2="0">
    <subfield code="a">Filme</subfield>
    <subfield code="9">26</subfield>
  </datafield>
  <datafield tag="655" ind1=" " ind2="0">
    <subfield code="a">Romance</subfield>
    <subfield code="9">23</subfield>
  </datafield>
  <datafield tag="655" ind1=" " ind2="0">
    <subfield code="a">Fic&#xE7;&#xE3;o </subfield>
    <subfield code="9">22</subfield>
  </datafield>
  <datafield tag="700" ind1=" " ind2=" ">
    <subfield code="a">Celina Cavalcante Falck-Cook</subfield>
    <subfield code="e">Tradutor</subfield>
    <subfield code="9">183</subfield>
  </datafield>
  <datafield tag="830" ind1=" " ind2=" ">
    <subfield code="a">Saga Robert Langdon</subfield>
    <subfield code="9">181</subfield>
    <subfield code="v">Livro 02</subfield>
  </datafield>
  <datafield tag="942" ind1=" " ind2=" ">
    <subfield code="2">ddc</subfield>
    <subfield code="n">0</subfield>
    <subfield code="c">BK</subfield>
  </datafield>
  <datafield tag="952" ind1=" " ind2=" ">
    <subfield code="0">0</subfield>
    <subfield code="1">0</subfield>
    <subfield code="2">ddc</subfield>
    <subfield code="3">Livro 02</subfield>
    <subfield code="4">0</subfield>
    <subfield code="7">0</subfield>
    <subfield code="8">FIC</subfield>
    <subfield code="a">BIBIB</subfield>
    <subfield code="b">BIBIB</subfield>
    <subfield code="c">LE</subfield>
    <subfield code="d">2010-10-26</subfield>
    <subfield code="e">doa&#xE7;&#xE3;o</subfield>
    <subfield code="l">0</subfield>
    <subfield code="o">813 / B877c</subfield>
    <subfield code="p">2025-1184</subfield>
    <subfield code="r">2025-01-23 08:06:13</subfield>
    <subfield code="w">2025-01-23</subfield>
    <subfield code="y">BK</subfield>
  </datafield>
  <datafield tag="952" ind1=" " ind2=" ">
    <subfield code="0">0</subfield>
    <subfield code="1">0</subfield>
    <subfield code="2">ddc</subfield>
    <subfield code="4">0</subfield>
    <subfield code="7">0</subfield>
    <subfield code="8">FIC</subfield>
    <subfield code="a">BIBIB</subfield>
    <subfield code="b">BIBIB</subfield>
    <subfield code="c">LE</subfield>
    <subfield code="d">2026-05-20</subfield>
    <subfield code="e">doa&#xE7;&#xE3;o</subfield>
    <subfield code="l">0</subfield>
    <subfield code="o">813 / B877c</subfield>
    <subfield code="p">2026-17452</subfield>
    <subfield code="r">2026-05-20 08:33:09</subfield>
    <subfield code="w">2026-05-20</subfield>
    <subfield code="y">BK</subfield>
  </datafield>
  <datafield tag="999" ind1=" " ind2=" ">
    <subfield code="c">75</subfield>
    <subfield code="d">75</subfield>
  </datafield>
</record>
